000 01242ngm a22003250a 4500
001 PT16547
003 AR-LpoUNG
005 20210202000213.0
007 vd cvaizq
008 191001s2001||||ag |||||||||||||||||spa d
037 _c$8.30
040 _aAR-LpoUNG
_bspa
_cAR-LpoUNG
_eaacr
041 _aspa
044 _aag
082 0 _a909 532v17
245 1 3 _aEl despotismo ilustrado
260 _aBuenos Aires :
_bKalender Video Argentina,
_c2001.
300 _aVHS (56 min.) : son., byn, col.
520 _aEn Europa comienza a verse cómo se perfila una concepción más amplia de las funciones del Estado : objetivos políticos distintos fundamentalmente entre Francia e Inglaterra que se disputan la supremacia. Epoca de bien dirigida superficilidad con una minoría rica y ociosa alcanzó un nivel de refinamiento y civilización que quedó cristalizada en las artes y en obras contrastantes con la miseria aflictiva de las masas.
650 4 _aANALISIS HISTORICO
650 4 _aEUROPA OCCIDENTAL
650 4 _aHISTORIA
650 4 _aHISTORIA SOCIAL
651 4 _aEuropa
653 _aVIDEOS
653 _aVIDEOS DIDACTICOS
710 2 _aMetropolitan Museum of Art (New York)
905 _a16547
942 _cVIDEO
999 _c54329
_d54329